| 000 | 00399nam a22001337a 4500 | ||
|---|---|---|---|
| 999 |
_c18501 _d18501 |
||
| 008 | 231124b ||||| |||| 00| 0 eng d | ||
| 020 | _a9781509800421 | ||
| 082 |
_22018 _aDFic _bSt321 |
||
| 100 |
_aSteel, Danielle. _941707 |
||
| 245 |
_aFall from grace / _cDanielle Steel. |
||
| 260 |
_aUnited Kingdom : _bPan books, _c©2018. |
||
| 300 |
_a363 pages : _billuistrations ; _c19.5 cm. |
||
| 942 |
_2ddc _cDFIC |
||